000 00583nam a2200193Ia 4500
003 OSt
005 20250219112801.0
008 210210b1953 xxu||||| |||| 00| 0 eng d
040 _cAL
041 _ahin
082 _a864/127
100 _aSINHA (Savithri)
_9201144
110 _bसिन्हा सावित्री
_9201145
245 _aMadhyakaleen hindi kavayitriyan:
_bमध्यकालीन हिंदी कवयत्रिया
260 _aDilli
_bAtmaram and Sons
_c1953
690 _aHindi Criticism
_9201147
906 _a023663
942 _2ddc
_cBK
999 _c148629
_d148629